LEADER 00850nam a2200217 i 4500 001 000000044059 003 CaOOAMICUS 005 20090930000000.0 008 090930s1969 gw u000 u ger u 013 $a15229 040 $aSeMil$bita 100 1 $aSchoonenberg, Piet,$c.$0(OLS)http://semarc/name/20156 240 10$aHij is een God van Mensen.$0(OLS)http://semarc/title/64984 245 14$aEin Gott der Menschen /$cPiet Schoonenberg. 260 $aZürich [etc.] :$bBenziger,$c1969. 300 $a203 p. ;$c22 cm. 650 4$aDio - Teologia.$0(OLS)http://semarc/subject/1408 850 $aSeMil 852 $aSeMil$W1$xVenegono$y1$m2B III 277$j10214$B10214$CSeMilBibl$Z2$F10214 $81 996 $6245$aEin Gott der Menschen$9(OLS)http://semarc/title/64983 996 $6260$aZürich [etc.] :$bBenziger$9(OLS)http://semarc/publisher/35374 LEADER 00955nam a2200193 4500 001 000000362576 003 CaOOAMICUS 005 20250416135931.0 008 250416s2025 be 000 u lat r 040 $aSeMil$bita 245 10$aOpuscula apologetica et polemica. 264 1$aTurnhout :$bBrepols,$c2025- 300 $av. ;$c24 cm 490 1 $aThomas de Aquino Byzantinus. Series prima ;$v4 774 0 $aTommaso : d'Aquino $tThomae de Aquino De rationibus fidei in Graecis versionibus Atoumis et Demetrii Cydonis.$dTurnhout : Brepols, 2025.$kCorpus Christianorum. Series Graeca$kThomas de Aquino Byzantinus. Series prima$z978-2-503-61465-6$g1$w()362578 830 0$aThomas de Aquino Byzantinus. Series prima ;$v4.$0(OLS)http://semarc/title/453514 996 $6245$aOpuscula apologetica et polemica$9(OLS)http://semarc/title/453511 996 $6264$aTurnhout :$bBrepols$9(OLS)http://semarc/publisher/29626